1086 1337 1666 1943 1625 1985 1228 1259 1736 1205 1240 1397 1616 1502 1745 1182 1069 1267 1671 1083 1662 1410 1748 1405 1200 1411 1778 1925 1269 1982 1714 1845 1683 1518 1322 1650 1669 1875 1729 1900 1891 1370 1120 1062 1722 1403 1206 1218 1360 1243 1337 1666 1953 1422 1821 1612 1634 1379 1277 1143 1484 1434 1794 1581 1388 1836 1716 1731 1042 1350 1476 1573 1944 1864 1392 1219 1553 1568 1305 1500 1973 1418 1837 1357 1302 1741 1669 1888 1265 1834 1757 1535 1707 1656 1251 1706 1491 1912 1272 BCNSPRNW ULIB Ver.6.0+V

เปลี่ยนเป็นภาษาไทย

Change to English
 แสดงรายละเอียดบรรณานุกรม
  กลับหน้าหลัก

Brief Record : Get Marc (ISO 2709) : E-mail record : QR code < ปิดหน้าต่าง
LEADER : 00000nam 2200000uu 4500
001    13399115251
003     ULIB
008    120808s2553||||th 000 0 tha d
020    ^a9789742251031
060 04 ^aWA590^bอ267ว
100 0  ^aอภิวันท์ แก้วรรณรัตน์
245 10 ^aวิธีการให้ความรู้ทางสุขภาพ /^cอภิวันท์ แก้ววรรณรัตน์
250    ^aพิมพ์ครั้งที่ 1
260    ^aเชียงใหม่ :^bยูนิตี้ แอนด์ โปรเกรสโซลูชั่น,^c2553
300    ^a52 หน้า :^bภาพประกอบ ;^c28 ซม.
504    ^aมีบรรณานุกรมและดัชนี
650  7 ^aความรู้
650  7 ^aสุขภาพ^xการศึกษาและการสอน
945    ^p95^l0^i16820
945    ^p95^l0^i16818
945    ^p95^l0^i16819
995    ^aกัณชพร
999    ^aใช้งานได้ทุกระบบ
รายการนี้ยังไม่มีแท็ก
คุณยังไม่ได้ล็อกอิน คุณสามารถมีกิจกรรมร่วมกับเว็บไซต์ได้ แต่ต้องล็อกอินก่อน ::
  ล็อกอิน

รายการสื่อสารสนเทศ

ลำดับที่ ประเภท เลขเรียก/บาร์โค้ด สถานที่ สถานะ
1. วิทยาศาสตร์การแพทย์ และสุขภาพ
วิทยาศาสตร์การแพทย์ และสุขภาพ
WA590 อ267ว  
  Barcode: 16820
ห้องสมุดวิทยาเขตนครสวรรค์
►ส่วนจัดเก็บหนังสือเก่า นว.
บนชั้น
  ขอยืม
2. วิทยาศาสตร์การแพทย์ และสุขภาพ
วิทยาศาสตร์การแพทย์ และสุขภาพ
WA590 อ267ว ฉ.2 
  Barcode: 16818
ห้องสมุดวิทยาเขตนครสวรรค์
►ส่วนจัดเก็บหนังสือเก่า นว.
บนชั้น
  ขอยืม
3. วิทยาศาสตร์การแพทย์ และสุขภาพ
วิทยาศาสตร์การแพทย์ และสุขภาพ
WA590 อ267ว ฉ.3 
  Barcode: 16819
ห้องสมุดวิทยาเขตนครสวรรค์
►ส่วนจัดเก็บหนังสือเก่า นว.
บนชั้น
  ขอยืม

รายการใกล้เคียง
    ผู้แต่ง [อภิวันท์ แก้วรรณรัตน์]

    หัวเรื่อง [ความรู้]

BibComment


ยังไม่เคยถูกคอมเมนท์

คอมเมนท์ทรัพยากรรายการนี้
  คอมเมนท์: วิธีการให้ความรู..


 Copyright 2026. Bcnsprnw @Library